| 000 | 00000nam 2200000za 4500 |
| 001 | 9.688905 |
| 003 | CaOODSP |
| 005 | 20210927150439 |
| 007 | cr ||||||||||| |
| 008 | 150407s2006 onc|||||o f|0| 0 eng d |
| 020 | |a0-662-44238-5 |
| 040 | |aCaOODSP|beng |
| 043 | |an-cn--- |
| 086 | 1 |aR2-207/2006E-PDF |
| 110 | 1 |aCanada. |bIndian and Northern Affairs Canada. |
| 245 | 10|aOil & gas - a citizen's guide for the Northwest Territories |h[electronic resource]. |
| 260 | |aOttawa : |bIndian and Northern Affairs, |c2006. |
| 300 | |a20 p. : |bcoloured figs., glossary, photographs. |
| 500 | |aThe catalogue number (R2-207/2006E) and ISBN (0-662-44237-7) for the print edition have been incorrectly copied in this electronic publication. |
| 590 | |a15-02-Supp|b2015-02-16 |
| 690 | 07|aPetroleum|2gcpds |
| 690 | 07|aHandbooks|2gcpds |
| 775 | 08|tPétrole et gaz - guide du citoyen dans les Territoires du Nord-Ouest |w(CaOODSP)9.633325 |
| 795 | |tA citizen's guide to oil and gas in the Northwest Territories |w(CaOODSP)9.689270 |
| 856 | 40|ahttp://publications.gc.ca|qPDF|s1.70 MB|uhttps://publications.gc.ca/collections/collection_2014/aadnc-aandc/R2-207-2006-eng.pdf |
| 986 | |aQS-Y188-010-EE-A1 |